000 00710nas a2200253 4500
001 BR9205206
003 BR-BrBNA
005 20231205092826.0
007 ta
008 230509b bl.|||p| |||| 00| 00por d
040 _aBR-BrBNA
_bpor
_cBiblioteca Nacional de Agricultura
041 _a(Pt)
072 _aF01
100 1 _aGomes, P.
245 1 _aProblema com amendoim e escolher epoca de plantio
650 _aAMENDOIM
650 _aSEMEADURA
650 _aEPOCA DE PLANTIO
650 _aCOLHEITA
650 _aPRATICO
773 0 _tAgricultura e Pecuaria (Brazil)
_xISSN 0100-249X
_g(May 1967), v. 37(516) p. 36-37
_wBR9205206
909 _a202311
_bLúcia
_c55
_dLúcia Elande
942 _2AGRIS
_n0
_cANA
999 _c134495
_d134495